| 000 | 00613nam a2200157 a 4500 | ||
|---|---|---|---|
| 008 | 120416s2003 ||||||||||||||||| || u | ||
| 050 | _aIBRD(02) | ||
| 100 | _aMattoo, Aaditya | ||
| 245 | 1 | 0 |
_aMoving people to deliver services _cedited by Aaditya Mattoo |
| 260 |
_aWashington, D.C. _bWorld Bank _c2003 |
||
| 350 | _a0.00 | ||
| 650 | _aLABOUR MIGRATION | ||
| 650 | _aMIGRATION, INTERNATIONAL--STATISTICS--ASIA, CENTRAL | ||
| 700 | _aCarzaniga, Antonia | ||
| 995 |
_D0.00 _FCBU-MAIN LIBRARY (Kitwe) _H1 _I0.00 _M1 _UAVAILABLE _WDec 11, 2007 _ZInternational Publications |
||
| 999 |
_c51741 _d51741 |
||